Pokemon évoluants avec pierre sinnon pokemonGO - Statistiques

Statistiques générales
  • Ce quiz a été pris 12 fois
  • Le résultat moyen est 12 sur 16
Statistiques - réponses
indices Réponse % Correct
Roche/Sol Rhinastoc
100%
Glace/Ténèbres Dimoret
88%
Glace/Sol Mammochon
88%
Vol/Fée Togekiss
88%
Vol/Ténèbres Corboss
75%
Electrique Elekable
75%
Glace/Spectre Momartik
75%
Combat/Psy Gallame
75%
Feu Maganon
75%
Normal Capidextre
63%
Normal Coudlangue
63%
Spectre Magirêve
63%
Plante/Poison Roserade
63%
Vol/Insecte Yanméga
63%
Plante Bouldeneu
50%
Normal Porygon-Z
50%
Aucun quiz correspondant
Distribution des résultats
% des personnes avec chaque résultat
Percentile par nombre de réponses
Votre historique - résultats
Vous n’avez pas pris ce quiz